| 000 | 00440nam a2200169Ia 4500 | ||
|---|---|---|---|
| 008 | 221030s9999 xx 000 0 und d | ||
| 020 | _a9971512750 | ||
| 041 | _aEnglish | ||
| 082 |
_a105.23 _bSib |
||
| 100 | _aA. Siberschetz | ||
| 245 | 0 |
_aOperating Systems Concepts _cby A. Siberschetz, P. B. Galvin |
|
| 260 |
_bJohn Willey & Sons _aSingapore _c2000 |
||
| 300 | _a888 | ||
| 650 | _aBE Computer | ||
| 700 | _aP. B. Galvin | ||
| 942 | _cBK | ||
| 999 |
_c7305 _d7305 |
||